Prophet Muhammad and his mission / (Record no. 23742)

MARC details
000 -LEADER
fixed length control field 00718cam a22002531 4500
001 - CONTROL NUMBER
control field 1234233
003 - CONTROL NUMBER IDENTIFIER
control field BDDh-ASL
005 - DATE AND TIME OF LATEST TRANSACTION
control field 20231015030300.0
008 - FIXED-LENGTH DATA ELEMENTS--GENERAL INFORMATION
fixed length control field 710426s1967 enk b 000 0beng
010 ## - LIBRARY OF CONGRESS CONTROL NUMBER
LC control number 68098294
015 ## - NATIONAL BIBLIOGRAPHY NUMBER
National bibliography number B68-00926
040 ## - CATALOGING SOURCE
Original cataloging agency DLC
Transcribing agency DLC
Modifying agency DLC
-- OCoLC
-- BDDh-ASL
050 00 - LIBRARY OF CONGRESS CALL NUMBER
Classification number BP75
Item number .H8 1967b
082 00 - DEWEY DECIMAL CLASSIFICATION NUMBER
Classification number 297.63
Item number HUP
100 1# - MAIN ENTRY--PERSONAL NAME
Personal name Husain, S. Athar,
Dates associated with a name 1920-
245 10 - TITLE STATEMENT
Title Prophet Muhammad and his mission /
260 ## - PUBLICATION, DISTRIBUTION, ETC.
Place of publication, distribution, etc. London :
Name of publisher, distributor, etc. Asia Publishing House,
Date of publication, distribution, etc. 1967.
300 ## - PHYSICAL DESCRIPTION
Extent xi, 214 p. :
Dimensions 23 cm.
350 ## - PRICE (NR) (BK AM CF MU VM SE) [OBSOLETE]
Price 28/-
504 ## - BIBLIOGRAPHY, ETC. NOTE
Bibliography, etc. note Bibliography: p. 207-210.
600 00 - SUBJECT ADDED ENTRY--PERSONAL NAME
Personal name MuḼammad,
Titles and other words associated with a name Prophet,
Dates associated with a name -632.
906 ## - LOCAL DATA ELEMENT F, LDF (RLIN)
a 7
b cbc
c orignew
d u
e opcn
f 19
g y-gencatlg
942 ## - ADDED ENTRY ELEMENTS (KOHA)
Source of classification or shelving scheme Dewey Decimal Classification
Koha item type Books
Holdings
Withdrawn status Lost status Source of classification or shelving scheme Damaged status Not for loan Collection code Home library Current library Shelving location Date acquired Source of acquisition Total Checkouts Full call number Barcode Date last seen Copy number Price effective from Koha item type Public note
    Dewey Decimal Classification Damaged   Non-fiction Asiatic Society Library Asiatic Society Library General Stacks 04/03/2021 ASB Library Collections   297.63 HUP 108258 04/03/2021 C-1 04/03/2021 Books RARE

Powered by Koha